[Event "AGAG IIIIII"]
[Site "SchemingMind.com"]
[Date "2021.01.01"]
[Round "-"]
[White "JAHI"]
[Black "Helga1946"]
[Result "0-1"]
[WhiteCountry "INT"]
[BlackCountry "GER"]
[WhiteElo "2088"]
[WhiteRD "75"]
[BlackElo "2289"]
[BlackRD "64"]
[GameID "464088"]

1. b3 e5 2. e3 d5 3. Bb2 Nd7 4. a3 Bd6 5. a4 Ngf6 6. Na3 a6 7. Be2 O-O 8. h3 e4 9. h4 Ne5 10. h5 Nfg4
11. h6 Nxf2 12. Kxf2 Qf6+ 13. Nf3 Ng4+ 14. Kg1 Qxb2 15. Nd4 g6 16. c3 Bxa3 17. Rb1 Nxe3 18. Qe1 Nc2 19. Qd1 Nxd4 20. Rxb2 Bxb2
21. cxd4 Be6 22. g3 Bxd4+ 23. Kg2 c5 24. d3 Rfd8 25. dxe4 dxe4 26. a5 e3 27. Qb1 Bd5+ 28. Bf3 Bxf3+ 29. Kxf3 Rd6 30. Qe4 Rf6+
31. Kg2 Re6 32. Qxb7 Rae8 33. Rf1 Bf6 34. Re1 e2 35. Qf3 Bh8 36. Qd3 Re3 37. Qxa6 Bc3 38. Rc1 e1=Q 39. Rxe1 Bxe1 40. Qb5 Rxg3+
41. Kh1 Rge3 42. b4 Bf2 43. a6 cxb4 44. Qxb4 R3e5 45. Qd6 Re1+ 46. Kg2 R1e2 47. Kf3 Ba7 48. Qc7 Bd4 49. Qc1 R8e3+ 50. Qxe3 Rxe3+
51. Kf2 Re6+ 52. Kg2 Rf6 53. Kh3 Rf2 54. Kg3 f5 55. a7 Bxa7 56. Kh3 Bb8 57. Kh4 Rg2 58. Kh3 Rh2#
0-1

[Event "AGAG IIIIII"]
[Site "SchemingMind.com"]
[Date "2021.01.03"]
[Round "-"]
[White "Helga1946"]
[Black "Daniel Dubé"]
[Result "1-0"]
[WhiteCountry "GER"]
[BlackCountry "CAN"]
[WhiteElo "2257"]
[WhiteRD "66"]
[BlackElo "1637"]
[BlackRD "70"]
[GameID "464089"]

1. b3 d6 2. e3 e5 3. Bb2 f5 4. d4 e4 5. c4 Nf6 6. Nc3 Be7 7. Be2 O-O 8. Qd2 Nc6 9. Nh3 d5 10. Nxd5 Nxd5
11. cxd5 Nb8 12. Nf4 Nd7 13. Ne6 Qe8 14. Nxc7 Qg6 15. Nxa8 Qxg2 16. O-O-O Qxf2 17. d6 Bxd6 18. Bc4+
1-0

[Event "AGAG IIIIII"]
[Site "SchemingMind.com"]
[Date "2021.01.02"]
[Round "-"]
[White "Daniel Dubé"]
[Black "Helga1946"]
[Result "0-1"]
[WhiteCountry "CAN"]
[BlackCountry "GER"]
[WhiteElo "1637"]
[WhiteRD "70"]
[BlackElo "2257"]
[BlackRD "66"]
[GameID "464090"]

1. b3 e5 2. Bb2 Nc6 3. e3 Nf6 4. c4 d5 5. cxd5 Nxd5 6. Nf3 Bg4 7. Be2 Ndb4 8. a3 Nd3+ 9. Bxd3 Qxd3 10. Qe2 Qxe2+
11. Kxe2 e4 12. Nc3 exf3+ 13. gxf3 Be6 14. d4 Bxb3 15. Rhg1 Bc4+ 16. Kd2 g6 17. Ne4 O-O-O 18. Rac1 Bd5 19. Kd3 Bg7 20. Rc5 Kb8
21. Ng5 h6 22. Ne4 b6 23. Rc2 Na5 24. Rg3 c5 25. Bc3 Bc4+ 26. Kd2 Nb3+ 27. Ke1 Bd3 28. Rb2 cxd4 29. exd4 Nxd4 30. Bxd4 Rxd4
31. Rd2 Rhd8 32. Rg1 R4d5 33. Kd1 Bxe4
0-1

[Event "AGAG IIIIII"]
[Site "SchemingMind.com"]
[Date "2021.01.06"]
[Round "-"]
[White "Helga1946"]
[Black "David Connolly"]
[Result "1-0"]
[WhiteCountry "GER"]
[BlackCountry "WLS"]
[WhiteElo "2289"]
[WhiteRD "64"]
[BlackElo "2024"]
[BlackRD "68"]
[GameID "464091"]

1. b3 e5 2. Bb2 Nc6 3. e3 d6 4. d4 exd4 5. exd4 d5 6. Nf3 Bd6 7. c4 Nce7 8. c5 Bf4 9. Bd3 Nf6 10. O-O O-O
11. Nc3 Bg4 12. h3 Bh5 13. g3 Bh6 14. Re1 Bxf3 15. Qxf3 c6 16. h4 Qd7 17. Re2 Rfe8 18. Kg2 Qg4 19. Qxg4 Nxg4 20. Rae1 Kf8
21. b4 g6 22. f3 Nf6 23. g4 Bf4 24. Bc1 Bxc1 25. Rxc1 b5 26. a4 a6 27. Rce1 h6 28. Kg1 Neg8 29. Ra1 g5 30. hxg5 hxg5
31. Kf2 Ne7 32. Rea2 Rac8 33. axb5 axb5 34. Ra7 Red8 35. Ne2 Rd7 36. R7a3 Kg7= 37. Ng3 Rh8 38. Ra7 Rh2+ 39. Kg1 Rd2 40. Nh5+
1-0

[Event "AGAG IIIIII"]
[Site "SchemingMind.com"]
[Date "2021.01.06"]
[Round "-"]
[White "David Connolly"]
[Black "Helga1946"]
[Result "0-1"]
[WhiteCountry "WLS"]
[BlackCountry "GER"]
[WhiteElo "2060"]
[WhiteRD "82"]
[BlackElo "2280"]
[BlackRD "68"]
[GameID "464092"]

1. b3 e5 2. Bb2 d6 3. g3 Nc6 4. c4 d5 5. Bg2 d4 6. e3 Nb4 7. Kf1 dxe3 8. d4 Qf6 9. f4 Bf5 10. dxe5 Qb6
11. Nc3 e2+ 12. Kxe2 Bd3+ 13. Kf3 Nh6 14. Nd5 Qg6
0-1

[Event "AGAG IIIIII"]
[Site "SchemingMind.com"]
[Date "2021.01.02"]
[Round "-"]
[White "JAHI"]
[Black "Daniel Dubé"]
[Result "1-0"]
[WhiteCountry "INT"]
[BlackCountry "CAN"]
[WhiteElo "2121"]
[WhiteRD "75"]
[BlackElo "1625"]
[BlackRD "59"]
[GameID "464095"]

1. b3 d6 2. Bb2 Nf6 3. a3 e5 4. e3 Be7 5. a4 O-O 6. h3 Nc6 7. h4 Bg4 8. Be2 Bxe2 9. Nxe2 h6 10. h5 d5
11. Kf1 d4 12. Na3 dxe3 13. dxe3 Qxd1+ 14. Rxd1 Rad8 15. Rc1 Nb4 16. Ng3 e4 17. Rh4 Rd7 18. Nxe4 Nbd5 19. Nc4 Nxe4 20. Rxe4 Nf6
21. Rd4 Rfd8 22. Rcd1 Rxd4 23. Rxd4 Rxd4 24. Bxd4 c5 25. Bxf6 Bxf6 26. Nd6 b6 27. Nc8 Kf8 28. Nxa7 Ke7 29. Nc8+
1-0

[Event "AGAG IIIIII"]
[Site "SchemingMind.com"]
[Date "2021.01.02"]
[Round "-"]
[White "Daniel Dubé"]
[Black "JAHI"]
[Result "1-0"]
[WhiteCountry "CAN"]
[BlackCountry "INT"]
[WhiteElo "1622"]
[WhiteRD "60"]
[BlackElo "2019"]
[BlackRD "72"]
[GameID "464096"]

1. b3 e6 2. Bb2 a6 3. e3 a5 4. f4 Na6 5. Nf3 b6 6. c4 Bb7 7. d4 h6 8. Nc3 Bb4 9. Qc2 Ne7 10. Bd3 Kf8
11. O-O Bxc3 12. Bxc3 Kg8 13. e4 Qf8 14. f5 exf5 15. exf5 f6 16. Nh4 Re8 17. a3 h5 18. b4 axb4= 19. axb4 Nc6 20. Ng6 Ncxb4
21. Qb3 Nc5 22. Qxb4 Nxd3 23. Nxf8 Nxb4 24. Bxb4 Rxf8 25. Bxf8 Kxf8 26. Ra7 Bc8 27. Rxc7 Ke7 28. Ra1 Kd6 29. Rca7 Kc6 30. Ra8 Re8
31. d5+ Kc5 32. R1a7 Kxc4 33. Rc7+ Kxd5 34. Rcxc8 Re1+ 35. Kf2 Re5 36. Rab8 Rxf5+ 37. Ke2 Rg5 38. Rxb6 Rxg2+ 39. Kf3 Rxh2 40. Rd8 Rh3+
41. Kg2 Rh4 42. Rxd7+ Kc5 43. Rb8 Rg4+ 44. Kf3 Kc6 45. Rd2 g6 46. Rc8+ Kb7 47. Rc1 Rb4 48. Rdd1 g5 49. Rb1 Rxb1 50. Rxb1+ Kc6
51. Ke4 Kd6 52. Rb6+ Ke7 53. Kf5 g4 54. Rxf6 g3 55. Rg6 h4 56. Kg4 Kf7 57. Rg5 Ke6 58. Kxh4 Kf6 59. Rxg3 Ke5 60. Kg4 Ke4
61. Rf3 Kd4 62. Kf4 Kd5 63. Re3 Kd4 64. Kf3 Kd5 65. Re4 Kc5 66. Ke3 Kd5 67. Kd3 Kc5 68. Rd4 Kc6 69. Kc4 Kb6 70. Rd5 Kb7
71. Kc5 Kc7 72. Rd6 Kb7 73. Rc6 Ka7 74. Rb6 Ka8 75. Kc6 Ka7 76. Kc7 Ka8 77. Ra6#
1-0

[Event "AGAG IIIIII"]
[Site "SchemingMind.com"]
[Date "2021.01.06"]
[Round "-"]
[White "JAHI"]
[Black "David Connolly"]
[Result "1/2-1/2"]
[WhiteCountry "INT"]
[BlackCountry "WLS"]
[WhiteElo "2052"]
[WhiteRD "72"]
[BlackElo "1994"]
[BlackRD "69"]
[GameID "464097"]

1. b3 b6 2. Bb2 Bb7 3. a3 e6 4. a4 f5 5. e3 Nf6 6. Na3 Be7 7. h3 O-O 8. h4 c5 9. h5 h6 10. Nh3 d6
11. Nf4 Qc8 12. Be2 Re8 13. Kf1 e5 14. Ng6 Nc6 15. Kg1 Bd8 16. Qf1 d5 17. Re1 Qe6 18. g3 Ne4 19. d3 Ng5 20. f3 a6
21. Bd1 Bc7 22. f4 Nf7 23. Nb1 Ne7 24. Nxe7+ Rxe7 25. Nd2 b5 26. Nf3 bxa4 27. bxa4 e4 28. dxe4 dxe4 29. Nh4 Rd7 30. Bc3 Bd8=
31. Be2 Bf6 32. Bxf6 Qxf6 33. g4 fxg4= 34. Bxg4 Rd2 35. Qc4 Rad8 36. Ng6 Bd5 37. Qxc5 Be6 38. Bxe6 Qxe6 39. Qf5 Qxf5=
1/2-1/2

[Event "AGAG IIIIII"]
[Site "SchemingMind.com"]
[Date "2021.01.01"]
[Round "-"]
[White "David Connolly"]
[Black "JAHI"]
[Result "1-0"]
[WhiteCountry "WLS"]
[BlackCountry "INT"]
[WhiteElo "2037"]
[WhiteRD "71"]
[BlackElo "2019"]
[BlackRD "72"]
[GameID "464098"]

1. b3 e6 2. e4 b6 3. d4 Bb7 4. Bd3 a6 5. Bb2 a5 6. Nd2 Na6 7. Ne2 h6 8. O-O h5 9. f4 Be7 10. f5 h4
11. fxe6 dxe6 12. Nf4 h3 13. Nxh3 Rxh3 14. gxh3 Nh6 15. Nf3 Qd6 16. a3 Kf8 17. Ne5 Bf6 18. Qh5 Bxe5 19. dxe5 Qc5+ 20. Rf2 Rd8
21. Rf1 Rd7 22. Bc1 Ke8 23. Kh1 Qf8 24. Bxh6 gxh6 25. Rf6 Nc5 26. R1f4 Qg8 27. Rxh6 Nxd3 28. cxd3 Rxd3 29. Rxe6+ Kd8 30. Rh6 Kc8
31. Qg4+ Qxg4 32. hxg4 Rd4 33. Kg2 Bd5 34. h4 Rd2+ 35. Kg3 Bxb3 36. Rh8+ Kd7 37. h5 Rd1 38. h6 Rh1 39. h7 Kc6 40. Rf5 Bc2
41. Kf4 Rf1+ 42. Kg5 Rh1 43. Rxf7 Bb3 44. Rf6+ Kd7 45. Rh6 Rxh6 46. Kxh6 Kc6 47. Rd8 Kb5 48. h8=Q Ka4 49. e6 Bc4 50. e7 Kb3
51. e8=Q b5 52. Qee5 Ka4 53. Rd4 b4 54. Rxc4 Kb3 55. Qxa5 bxa3 56. Qhc3+ Ka2 57. Qaxa3+ Kb1 58. Qab2#
1-0

[Event "AGAG IIIIII"]
[Site "SchemingMind.com"]
[Date "2021.01.06"]
[Round "-"]
[White "Daniel Dubé"]
[Black "David Connolly"]
[Result "0-1"]
[WhiteCountry "CAN"]
[BlackCountry "WLS"]
[WhiteElo "1625"]
[WhiteRD "59"]
[BlackElo "2060"]
[BlackRD "82"]
[GameID "464101"]

1. b3 e5 2. Bb2 Nc6 3. e3 Nf6 4. c4 d5 5. Nc3 d4 6. Nce2 d3 7. Nc3 Nb4 8. Rc1 Bf5 9. e4 Bxe4 10. Nxe4 Nxe4
11. Qf3 Ng5 12. Qg3 f6 13. h4 Ne6 14. a3 Nc2+ 15. Kd1 Nc5 16. Bxd3 Qxd3 17. Qxd3 Nxd3 18. Kxc2 Nxc1 19. Kxc1 O-O-O 20. Nf3 Bc5
21. Rf1 a5 22. h5 Rd7 23. h6 gxh6 24. Nh4 Rg8 25. g3 Rgd8 26. Rd1 Bxf2
0-1

[Event "AGAG IIIIII"]
[Site "SchemingMind.com"]
[Date "2021.01.06"]
[Round "-"]
[White "David Connolly"]
[Black "Daniel Dubé"]
[Result "1-0"]
[WhiteCountry "WLS"]
[BlackCountry "CAN"]
[WhiteElo "2060"]
[WhiteRD "82"]
[BlackElo "1625"]
[BlackRD "59"]
[GameID "464102"]

1. b3 d6 2. Bb2 Nf6 3. g3 e5 4. Bg2 Be7 5. e3 O-O 6. c4 Nc6 7. Nc3 Bg4 8. Nge2 Qd7 9. h3 Be6 10. d4 Bf5
11. g4 Bg6 12. f4 exf4 13. exf4 Nxg4 14. hxg4 Qxg4 15. Rg1 Bh4+ 16. Kd2 Qf5 17. Be4 Qf6 18. Nd5 Qd8 19. f5 Bh5 20. Qf1 Bxe2
21. Qxe2 Bg5+ 22. Kc2 a5 23. Nxc7 Bf6 24. Nxa8 Nxd4+ 25. Bxd4 Bxd4 26. Bxb7 Bxa1 27. Rxa1
1-0